| 000 | 00541nam a2200157 a 4500 | ||
|---|---|---|---|
| 001 | 000032063 | ||
| 005 | 20200930063410.0 | ||
| 008 | 110712s1995 dr d 000 0 spa d | ||
| 040 |
_aDO-SdBNP _bspa _cBNPHU |
||
| 082 |
_axxxx _bR426i |
||
| 110 | 1 |
_aRepública Dominicana. _bCooperativa de Servicios Múltiples Procesadores de Harina _958186 |
|
| 245 | 1 | 0 | _aInformes a la 5ta. asamblea general ordinaria a celebrarse el 27 de febrero, 1997. |
| 260 |
_aSanto Domingo : _bUMPIH, _c1995?]. |
||
| 300 |
_a32 p. : _bgráf. ; _c26 cm. |
||
| 049 | _aBNPD | ||
| 999 |
_c31554 _d31554 |
||